Die griechischen privat-und kriegsaltertümer / (Record no. 160337)

MARC details
000 -LEADER
campo de control de longitud fija 01074nam a22002535i 4500
001 - NÚMERO DE CONTROL
campo de control 160337
003 - IDENTIFICADOR DE NÚMERO DE CONTROL
campo de control ES-MaACL
005 - FECHA Y HORA DE LA ÚLTIMA TRANSACCIÓN
campo de control 20230906212014.0
008 - DATOS DE LONGITUD FIJA--INFORMACIÓN GENERAL
campo de control de longitud fija 040921s1893 gw af |||| | ger d
040 ## - FUENTE DE CATALOGACIÓN
Centro catalogador/agencia de origen CAM
Lengua de catalogación spa
Centro/agencia transcriptor CAM
100 1# - ENTRADA PRINCIPAL--NOMBRE DE PERSONA
Nombre de persona Müller, Iwan von.
9 (RLIN) 130367
245 14 - MENCIÓN DEL TÍTULO
Título Die griechischen privat-und kriegsaltertümer /
Mención de responsabilidad, etc. von Iwan von Müller und Adolf Bauer.
250 ## - MENCION DE EDICION
Mención de edición 2. Aufl.
260 ## - PUBLICACIÓN, DISTRIBUCIÓN, ETC.
Lugar de publicación, distribución, etc. München :
Nombre del editor, distribuidor, etc. C.H. Beck'sche verlagsbuchhandlung,
Fecha de publicación, distribución, etc. 1893.
300 ## - DESCRIPCIÓN FÍSICA
Extensión IX, 502 p., III h. lám. ;
Dimensiones 25 cm.
490 1# - MENCIÓN DE SERIE
Mención de serie Handbuch der klassischen altertums-wissenschaft / herausgegeben von Iwan von Müller ;
Designación de volumen o secuencia 4, 2
505 8# - NOTA DE CONTENIDO CON FORMATO
Nota de contenido con formato Contiene : Die griechischen privataltertümer / von Iwan von Müller . Die griechischen kriegsaltertümer / von Adolf Bauer
650 #4 - PUNTO DE ACCESO ADICIONAL DE MATERIA--TÉRMINO DE MATERIA
Término de materia o nombre geográfico como elemento de entrada Civilización griega.
9 (RLIN) 137206
700 11 - ENTRADA AGREGADA--NOMBRE PERSONAL
Nombre de persona Bauer, Adolf.
9 (RLIN) 125861
752 ## - ENTRADA AGREGADA--NOMBRE JERÁRQUICO DEL LUGAR
País o entidad superior Alemania -
Jurisdicción política intermedia Munich
830 0# - PUNTO DE ACCESO ADICIONAL DE SERIE-TÍTULO UNIFORME
Título uniforme Handbuch der klassischen altertums-wissenschaft / herausgegeben von Iwan von Müller ;
Designación de volumen o secuencia 4, 2
9 (RLIN) 222041
852 ## - LOCALIZACIÓN
Ubicación ES-MaACL
Número de control de estantería F-15194
Nota libre -- Enc. tela
Holdings
Estatus retirado Estado de pérdida Estado de daño No para préstamo Colección Biblioteca de origen Biblioteca actual Ubicación en estantería Fecha de adquisición Fuente de adquisición Total de préstamos Signatura topográfica completa Código de barras Visto por última vez Precio de reemplazo Tipo de ítem Koha
        Libros del s. XIX Biblioteca del Ateneo de Madrid Biblioteca del Ateneo de Madrid Sala Pecera Planta 2 17/01/2008     F-15194 1167884 23/02/2023 23/02/2023 Libro impreso antiguo